00470nam a22001457a 4500003001200000005001700012008004100029040001200070082001700082100002700099245008700126260004700213300002100260650004300281NUST - PNEC20170116180804.0150421b xxu||||| |||| 00| 0 eng d cLIBRARY a310.0212 GOV aGovernment of Pakistan aPakistan 2004: Statistical Pocket BookcStatistics Division Government of Pakistan bStatistics Division Government of Pakistan a212 p. :c18 cm. aStatistics Survey of PakistanxGeneral